Catálogo
 En Linea

El Pensamiento liberal de Guatemala : (Registro nro. 5825)

Detalles MARC
000 -CABECERA
campo de control de longitud fija 00941cam a2200241 a 4500
001 - NÚMERO DE CONTROL
campo de control 000006029
005 - FECHA Y HORA DE LA ÚLTIMA TRANSACCIÓN
campo de control 20200929151906.0
008 - DATOS DE LONGITUD FIJA--INFORMACIÓN GENERAL
campo de control de longitud fija 800325s1977 cr b 001 0 spa
040 ## - FUENTE DE LA CATALOGACIÓN
Centro catalogador/agencia de origen DO-SdBNP
Lengua de catalogación spa
Centro/agencia transcriptor DLC
Centro/agencia modificador DLC
-- BNPHU
082 ## - NÚMERO DE LA CLASIFICACIÓN DECIMAL DEWEY
Número de clasificación 972.81
Número de documento/Ítem L181p
049 ## - FONDOS LOCALES (OCLC)
Fondos de biblioteca BNGR
100 1# - ENTRADA PRINCIPAL--NOMBRE DE PERSONA
Nombre de persona Laguardia, García.
Forma completa/desarrollada del nombre (Jorge Mario García Laguardia).
9 (RLIN) 16999
245 13 - MENCIÓN DE TÍTULO
Título El Pensamiento liberal de Guatemala :
Resto del título antología /
Mención de responsabilidad, etc. García Laguardia.
260 ## - PUBLICACIÓN, DISTRIBUCIÓN, ETC.
Lugar de publicación, distribución, etc. San José, Costa Rica :
Nombre del editor, distribuidor, etc. Universitaria Centroamericana,
Fecha de publicación, distribución, etc. 1977.
300 ## - DESCRIPCIÓN FÍSICA
Extensión 362 p. ;
Dimensiones 17 cm.
490 1# - MENCIÓN DE SERIE
Mención de serie Rueda del tiempo
504 ## - NOTA DE BIBLIOGRAFÍA, ETC.
Nota de bibliografía, etc. Incluye referencias bibliográficas.
651 #4 - PUNTO DE ACCESO ADICIONAL DE MATERIA--NOMBRE GEOGRÁFICO
Nombre geográfico Guatemala
Subdivisión general Condiciones Económicas
-- Antología Literaria
9 (RLIN) 17000
651 #4 - PUNTO DE ACCESO ADICIONAL DE MATERIA--NOMBRE GEOGRÁFICO
Nombre geográfico Guatemala
Subdivisión general Política Y Gobierno
Subdivisión cronológica 1821-1945.
Subdivisión general Antología Literaria
9 (RLIN) 17001
650 #4 - PUNTO DE ACCESO ADICIONAL DE MATERIA--TÉRMINO DE MATERIA
Término de materia o nombre geográfico como elemento de entrada Liberalismo
Subdivisión geográfica Guatemala
Subdivisión general Antología literaria
9 (RLIN) 17002
830 #0 - PUNTO DE ACCESO ADICIONAL DE SERIE-TÍTULO UNIFORME
Título uniforme Rueda del tiempo.
9 (RLIN) 17003
910 ## - DATOS DE OPCIÓN DEL USUARIO (OCLC)
Datos de opción del usuario Catalogación por copia / LC
Existencias
Estado de retiro Estado de pérdida Restricciones de uso No para préstamo Código de colección Localización permanente Ubicación/localización actual Ubicación en estantería Fecha de adquisición Número de inventario Total de préstamos Signatura topográfica completa Código de barras Fecha visto por última vez Precio válido a partir de Tipo de ítem Koha
    Préstamo interno   Monografías: Libros y Folletos General General En catalogación 25.08.2009 LF1   972.81 L181p 6029-10 25.06.2020 25.06.2020 Préstamo interno

Con tecnología Koha